000 00831nam a22001697a 4500
003 OSt
005 20251124155838.0
008 251124b |||||||| |||| 00| 0 eng d
040 _cDCL
082 _a၂၉၄.၃၈၂၃၅၄
130 _aတိပိဋက။
_pသုတ္တန္တပိဋက။
_pခုဒ္ဒကနိကာယ။
_tမဟာနိဒ္ဒေသ၊
_lအဋ္ဌကထာ။
245 _aမဟာနိဒ္ဒေသဋ္ဌကထာ။
264 _aရန်ကုန် ၊
_bနိုင်ငံတော်ဗုဒ္ဓသာသနာအဖွဲ့၊
_c၁၉၅၉။
300 _a၅၃၃ စာမျက်နှာ ၊
_c၂၅ စင်တီ။
650 _aမဟာနိဒ္ဒေသ
_vအဋ္ဌကထာ။
942 _2ddc
_cSHORT TERM
_n0
999 _c2607
_d2607